000
00228nam a22000857a 4500
999
_c
11533
_d
11533
008
190531b ||||| |||| 00| 0 eng d
100
_a
Rohit
_9
7245
245
_a
CBSE Science Sample Papers-X
260
_a
New Delhi
_b
Rohit Publications